|
|
|
|
| LEADER |
02634nam a22004815i 4500 |
| 001 |
978-3-319-60128-1 |
| 003 |
DE-He213 |
| 005 |
20170804141459.0 |
| 007 |
cr nn 008mamaa |
| 008 |
170804s2017 gw | s |||| 0|eng d |
| 020 |
|
|
|a 9783319601281
|9 978-3-319-60128-1
|
| 024 |
7 |
|
|a 10.1007/978-3-319-60128-1
|2 doi
|
| 040 |
|
|
|d GrThAP
|
| 100 |
1 |
|
|a Deku, Solomon Y.
|e author.
|
| 245 |
1 |
0 |
|a Securitization: Past, Present and Future
|h [electronic resource] /
|c by Solomon Y Deku, Alper Kara.
|
| 264 |
|
1 |
|a Cham :
|b Springer International Publishing :
|b Imprint: Palgrave Macmillan,
|c 2017.
|
| 300 |
|
|
|a XIX, 177 p. 30 illus., 6 illus. in color.
|b online resource.
|
| 336 |
|
|
|a text
|b txt
|2 rdacontent
|
| 337 |
|
|
|a computer
|b c
|2 rdamedia
|
| 338 |
|
|
|a online resource
|b cr
|2 rdacarrier
|
| 347 |
|
|
|a text file
|b PDF
|2 rda
|
| 490 |
1 |
|
|a Palgrave Macmillan Studies in Banking and Financial Institutions
|
| 505 |
0 |
|
|a Chapter 1: Introduction -- Chapter 2: Mechanics of Securitization.-Chapter 3: Securitization Structures.-Chapter 4: A Historical and Regional Overview of Securitization -- Chapter 5: Effects of Securitization on Banks and the Financial System -- Chapter 6: Valuation of ABS under Asymmetric Information.-Chapter 7: The Role of Securitization in 2007-2009 Crisis.-Chapter 8: Securitization: Key Trends since the Crisis.-Chapter 9: Concluding remarks.
|
| 520 |
|
|
|a This book aims to explore if and how securitisation changed financial intermediation and lending behaviour by reviewing the pre- and post-financial crisis theoretical and empirical literature. The book’s distinctive feature is bringing the growing post-crisis empirical evidence to the attention of a wider audience by critically appraising it against pre-crisis arguments. With its thought-provoking insights, this book is of particular interest for students, practitioners and academics.
|
| 650 |
|
0 |
|a Finance.
|
| 650 |
|
0 |
|a Finance, Public.
|
| 650 |
|
0 |
|a Investment banking.
|
| 650 |
|
0 |
|a Securities.
|
| 650 |
|
0 |
|a Risk management.
|
| 650 |
|
0 |
|a Financial engineering.
|
| 650 |
1 |
4 |
|a Finance.
|
| 650 |
2 |
4 |
|a Investments and Securities.
|
| 650 |
2 |
4 |
|a Risk Management.
|
| 650 |
2 |
4 |
|a Financial Engineering.
|
| 650 |
2 |
4 |
|a Public Finance.
|
| 700 |
1 |
|
|a Kara, Alper.
|e author.
|
| 710 |
2 |
|
|a SpringerLink (Online service)
|
| 773 |
0 |
|
|t Springer eBooks
|
| 776 |
0 |
8 |
|i Printed edition:
|z 9783319601274
|
| 830 |
|
0 |
|a Palgrave Macmillan Studies in Banking and Financial Institutions
|
| 856 |
4 |
0 |
|u http://dx.doi.org/10.1007/978-3-319-60128-1
|z Full Text via HEAL-Link
|
| 912 |
|
|
|a ZDB-2-ECF
|
| 950 |
|
|
|a Economics and Finance (Springer-41170)
|